000 00917nam0a22002651 4500
001 rc\331867
005 20250621041246.0
035 _a(NLR Aleph) 005567224
090 _a5973919
_c5973919
100 _a20030307d1989 |||y0rusy50 ca
101 0 _arus
102 _aRU
105 _ay |||||||||
200 1 _aФранция в конце 80-х годов
210 _aЛ.
_cЛенингр. орг. о-ва "Знание" РСФСР
_d1989
215 _a35, [1] с.
_d22
225 1 _aВ помощь лектору
_fО-во "Знание" РСФСР, Ленингр. орг.
320 _aБиблиогр.: с. 36 (7 назв.)
700 1 _7ca
_8rus
_aЕгоров
_bЮ. В.
_cд-р ист. наук
_f1932-1999
_gЮрий Васильевич
_9138707
_3RU\NLR\AUTH\770138742
801 0 _aRU
_bNLR
_gpsbo
801 1 _aRU
_bELAR
_2rusmarc
852 _aNLR
_j89-6/3312
942 _cBOOK
980 _aNB